00234nam a2200097Ia 4500008004100000100000900041245002800050260003400078942000700112999001700119190216s9999||||xx |||||||||||||| ||und|| aNull 0aHindi-Hindi Gal Samgrah bEnglish Language Book Society cBK c17506d17506